{"text_format":"3","workbook":"xlsx","n_sheets":1,"sheets":["TAKEOFF Breakdown"],"not_rendered":{"defined_names":2},"read":"whole","date_system":"1900"}

{"sheet":"TAKEOFF Breakdown","index":0,"n_rows":392,"n_cols":8,"rows_kept":392,"merged":[[16,0,16,7],[20,1,31,1],[36,1,69,1],[72,0,72,7],[76,1,87,1],[96,0,96,7],[103,0,103,7],[110,1,111,1],[114,0,114,7],[118,1,123,1],[126,1,168,1],[174,1,192,1],[200,1,205,1],[211,1,224,1],[231,1,258,1],[261,0,261,7],[265,1,294,1],[297,0,297,7],[301,1,305,1],[308,1,313,1],[317,0,317,7],[321,1,324,1],[327,0,327,7],[331,1,334,1],[337,0,337,7],[344,0,344,7],[348,1,349,1],[352,0,352,7],[356,1,366,1],[369,0,369,7],[373,1,374,1],[377,0,377,7],[381,1,382,1],[385,0,385,7],[386,0,386,1],[387,0,387,1],[388,0,388,1],[389,0,389,1],[390,0,390,1],[391,0,391,1]]}
[]
[{"$nulls":5},"CLIENT'S INFORMATION:"]
["PROJECT ID:",null," 20 Ellsworth Street, RYE NY",null,null,"CONTACT:"]
[null,null," 20 Ellsworth Street, RYE NY",null,null,"E-MAIL ADDRESS:"]
["SCOPE:",null,"Everything",null,null,"PHONE NUMBER:"]
[{"$nulls":5},"   Date:","2021-04-23"]
["ITEM #","DWG. #","DESCRIPTION","QUANTITY","UNIT","UNIT COST","TOTAL COST","TRADE  COST"]
[null,null,"GENERAL REQUIREMENTS"]
[1,null,"Supervision",1,"LS",{"v":28000,"d":"$28,000"},{"$f":"IF(F9=\"\",\"\",D9*F9)","v":{"v":28000,"d":"$28,000"}}]
[{"$f":"IF(D10=0,\"\",1+MAX(A$9:A9))","v":2},null,"Permits",1,"LS",{"v":6000,"d":"$6,000"},{"$f":"IF(F10=\"\",\"\",D10*F10)","v":{"v":6000,"d":"$6,000"}}]
[{"$f":"IF(D11=0,\"\",1+MAX(A$9:A10))","v":3},null,"Final Clean-up",1,"LS",{"v":4854,"d":"$4,854"},{"v":4854,"d":"$4,854"}]
[{"$f":"IF(D12=0,\"\",1+MAX(A$9:A11))","v":4},null,"Mobilization Costs",1,"LS",{"v":16000,"d":"$16,000"},{"v":16000,"d":"$16,000"}]
[{"$f":"IF(D13=0,\"\",1+MAX(A$9:A12))","v":5},null,"Project Overheads",1,"LS",{"v":24000,"d":"$24,000"},{"v":24000,"d":"$24,000"}]
[{"$f":"IF(D14=0,\"\",1+MAX(A$9:A13))","v":6},null,"Bonds",1,"LS",{"v":8800,"d":"$8,800"},{"v":8800,"d":"$8,800"}]
[{"$f":"IF(D15=0,\"\",1+MAX(A$9:A14))","v":7},null,"Temporary Control & Facilities",1,"LS",{"v":12541.6,"d":"$12,542"},{"$f":"IF(F15=\"\",\"\",D15*F15)","v":{"v":12541.6,"d":"$12,542"}}]
[{"$f":"IF(D16=0,\"\",1+MAX(A6:A15))","v":""},null,"Subtotal (General Requirements)",{"$nulls":4},{"$f":"(SUM(G9:G16))","v":{"v":100195.6,"d":"$100,196"}}]
[]
[null,null,"DIVISION 02- SITE WORK/ EXISTING CONDITIONS"]
[{"$f":"IF(D19=0,\"\",1+MAX(A$8:A18))","v":""}]
[null,null,"Demolition"]
[{"$f":"IF(D21=0,\"\",1+MAX(A$9:A20))","v":8},"A102","Demolish existing exterior walls",{"v":646.29,"d":"646"},"SF",{"v":3,"d":"$3"},{"$f":"IF(F21=\"\",\"\",D21*F21)","v":{"v":1938.87,"d":"$1,939"}}]
[{"$f":"IF(D22=0,\"\",1+MAX(A$9:A21))","v":9},null,"Remove existing interior walls",{"v":1114.1100000000001,"d":"1114"},"SF",{"v":3,"d":"$3"},{"v":3342.3300000000004,"d":"$3,342"}]
[{"$f":"IF(D23=0,\"\",1+MAX(A$9:A22))","v":10},null,"Remove existing door",6,"EA",{"v":100,"d":"$100"},{"v":600,"d":"$600"}]
[{"$f":"IF(D24=0,\"\",1+MAX(A$9:A23))","v":11},null,"Remove existing window",4,"EA",{"v":120,"d":"$120"},{"v":480,"d":"$480"}]
[{"$f":"IF(D25=0,\"\",1+MAX(A$9:A24))","v":""}]
[{"$f":"IF(D26=0,\"\",1+MAX(A$9:A25))","v":""},null,"Patch, Repair & Refinish"]
[{"$f":"IF(D27=0,\"\",1+MAX(A$9:A26))","v":12},null,"Patch & repair existing  ceiling",{"v":302.68,"d":"303"},"SF",{"v":3,"d":"$3"},{"$f":"IF(F27=\"\",\"\",D27*F27)","v":{"v":908.04,"d":"$908"}}]
[{"$f":"IF(D28=0,\"\",1+MAX(A$9:A27))","v":13},null,"Patch & repair existing flooring \n\nRefinish existing floor",{"v":1092.02,"d":"1092"},"SF",{"v":3,"d":"$3"},{"v":3276.06,"d":"$3,276"}]
[{"$f":"IF(D29=0,\"\",1+MAX(A$9:A28))","v":14},null,"Refinish Oak flooring",{"v":51.45,"d":"51"},"SF",{"v":3,"d":"$3"},{"v":154.35000000000002,"d":"$154"}]
[{"$f":"IF(D30=0,\"\",1+MAX(A$9:A29))","v":15},null,"Patch existing paint at ceiling",{"v":391.11,"d":"391"},"SF",{"v":2,"d":"$2"},{"v":782.22,"d":"$782"}]
[{"$f":"IF(D31=0,\"\",1+MAX(A$9:A30))","v":""}]
[{"$f":"IF(D32=0,\"\",1+MAX(A$9:A31))","v":""},null,"Misc."]
[{"$f":"IF(D33=0,\"\",1+MAX(A$9:A32))","v":""}]
[{"$f":"IF(D34=0,\"\",1+MAX(A$9:A33))","v":""},null,"SITE WORK"]
[{"$f":"IF(D35=0,\"\",1+MAX(A$9:A34))","v":""}]
[{"$f":"IF(D36=0,\"\",1+MAX(A$9:A35))","v":""},null,"Fence"]
[{"$f":"IF(D37=0,\"\",1+MAX(A$9:A36))","v":16},"C1 & C2","CF: Temporary construction fence\nNo specs given",{"v":216.41,"d":"216"},"LF",{"v":15,"d":"$15"},{"$f":"IF(F37=\"\",\"\",D37*F37)","v":{"v":3246.15,"d":"$3,246"}}]
[{"$f":"IF(D38=0,\"\",1+MAX(A$9:A37))","v":17},null,"SF: Temporary Silt fence w/ Filter fabric & Support net",{"v":183.7,"d":"184"},"LF",{"v":15,"d":"$15"},{"v":2755.5,"d":"$2,756"}]
[{"$f":"IF(D39=0,\"\",1+MAX(A$9:A38))","v":""}]
[{"$f":"IF(D40=0,\"\",1+MAX(A$9:A39))","v":""},null,"Inlet Protection"]
[{"$f":"IF(D41=0,\"\",1+MAX(A$9:A40))","v":18},null,"IP: Temporary inlet protection\nNo specs given",1,"EA",{"v":325,"d":"$325"},{"$f":"IF(F41=\"\",\"\",D41*F41)","v":{"v":325,"d":"$325"}}]
[{"$f":"IF(D42=0,\"\",1+MAX(A$9:A41))","v":""}]
[{"$f":"IF(D43=0,\"\",1+MAX(A$9:A42))","v":""},null,"Construction Entrance"]
[{"$f":"IF(D44=0,\"\",1+MAX(A$9:A43))","v":19},null,"Stabilized construction entrance w/ filter fabric\nAssumed size",375,"SF",{"v":5,"d":"$5"},{"$f":"IF(F44=\"\",\"\",D44*F44)","v":{"v":1875,"d":"$1,875"}}]
[{"$f":"IF(D45=0,\"\",1+MAX(A$9:A44))","v":""}]
[{"$f":"IF(D46=0,\"\",1+MAX(A$9:A45))","v":""},null,"Catch Basin"]
[{"$f":"IF(D47=0,\"\",1+MAX(A$9:A46))","v":20},null,"12\"X12\" NDS Catch Basin w/ NDS 12\"X12\" Polyolefin grate w/ U.V. inhibitors",1,"EA",{"v":3000,"d":"$3,000"},{"$f":"IF(F47=\"\",\"\",D47*F47)","v":{"v":3000,"d":"$3,000"}}]
[{"$f":"IF(D48=0,\"\",1+MAX(A$9:A47))","v":""}]
[{"$f":"IF(D49=0,\"\",1+MAX(A$9:A48))","v":""},null,"Concrete Washout"]
[{"$f":"IF(D50=0,\"\",1+MAX(A$9:A49))","v":21},null,"6'-0\" x 6'-0\" x 12\"H Corrugated concrete washout",1,"EA",{"v":200,"d":"$200"},{"$f":"IF(F50=\"\",\"\",D50*F50)","v":{"v":200,"d":"$200"}}]
[{"$f":"IF(D51=0,\"\",1+MAX(A$9:A50))","v":""}]
[{"$f":"IF(D52=0,\"\",1+MAX(A$9:A51))","v":""},null,"Cultec"]
[{"$f":"IF(D53=0,\"\",1+MAX(A$9:A52))","v":22},null,"10'-0\" x 5'-0\" One CULTEC Contractor 100HD storm water chamber surrounded w/ 12\" Crushed stone on all sides",1,"EA",{"v":1000,"d":"$1,000"},{"$f":"IF(F53=\"\",\"\",D53*F53)","v":{"v":1000,"d":"$1,000"}}]
[{"$f":"IF(D54=0,\"\",1+MAX(A$9:A53))","v":23},null,"19'-0\" X 24'-0\" Fifteen (15) CULTEC contactor 100HD Storm water chambers surrounded w/ 12\" crushed stone on all sides",1,"EA",{"v":1500,"d":"$1,500"},{"v":1500,"d":"$1,500"}]
[{"$f":"IF(D55=0,\"\",1+MAX(A$9:A54))","v":""}]
[{"$f":"IF(D56=0,\"\",1+MAX(A$9:A55))","v":""},null,"Utility Pipe"]
[{"$f":"IF(D57=0,\"\",1+MAX(A$9:A56))","v":24},null,"6\" Dia HDPE Stormwater pipe",{"v":61.32,"d":"61"},"LF",{"v":30,"d":"$30"},{"$f":"IF(F57=\"\",\"\",D57*F57)","v":{"v":1839.6,"d":"$1,840"}}]
[{"$f":"IF(D58=0,\"\",1+MAX(A$9:A57))","v":25},null,"2\" Dia SCH. 40 PVC Pipe line",{"v":40.63,"d":"41"},"LF",{"v":25,"d":"$25"},{"v":1015.7500000000001,"d":"$1,016"}]
[{"$f":"IF(D59=0,\"\",1+MAX(A$9:A58))","v":""}]
[{"$f":"IF(D60=0,\"\",1+MAX(A$9:A59))","v":""},null,"Excavation/ Trenching"]
[{"$f":"IF(D61=0,\"\",1+MAX(A$9:A60))","v":26},null,"Trenching",{"v":28.319,"d":"28.3"},"CY",{"v":35,"d":"$35"},{"$f":"IF(F61=\"\",\"\",D61*F61)","v":{"v":991.165,"d":"$991"}}]
[{"$f":"IF(D62=0,\"\",1+MAX(A$9:A61))","v":27},null,"Excavation required for Concrete work",{"v":115.00592592592591,"d":"115.0"},"CY",{"v":35,"d":"$35"},{"$f":"IF(F62=\"\",\"\",D62*F62)","v":{"v":4025.2074074074067,"d":"$4,025"}}]
[{"$f":"IF(D63=0,\"\",1+MAX(A$9:A62))","v":""}]
[{"$f":"IF(D64=0,\"\",1+MAX(A$9:A63))","v":""},null,"Backfill"]
[{"$f":"IF(D65=0,\"\",1+MAX(A$9:A64))","v":28},null,"6\" Subbase course type 2",{"v":9.104444444444445,"d":"9.10"},"CY",{"v":300,"d":"$300"},{"$f":"IF(F65=\"\",\"\",D65*F65)","v":{"v":2731.3333333333335,"d":"$2,731"}}]
[{"$f":"IF(D66=0,\"\",1+MAX(A$9:A65))","v":29},null,"Compacted select granular material",{"v":18.54888888888889,"d":"18.55"},"CY",{"v":300,"d":"$300"},{"v":5564.666666666667,"d":"$5,565"}]
[{"$f":"IF(D67=0,\"\",1+MAX(A$9:A66))","v":30},null,"Bacfill required for concrete work",{"v":83.89010888888888,"d":"83.89"},"CY",{"v":35,"d":"$35"},{"$f":"IF(F67=\"\",\"\",D67*F67)","v":{"v":2936.153811111111,"d":"$2,936"}}]
[{"$f":"IF(D68=0,\"\",1+MAX(A$9:A67))","v":""}]
[{"$f":"IF(D69=0,\"\",1+MAX(A$9:A68))","v":""},null,"Misc."]
[{"$f":"IF(D70=0,\"\",1+MAX(A$9:A69))","v":31},null,"Proposed Pump basin w/ (2) M55 Submersible pump",1,"EA",{"v":1000,"d":"$1,000"},{"$f":"IF(F70=\"\",\"\",D70*F70)","v":{"v":1000,"d":"$1,000"}}]
[{"$f":"IF(D71=0,\"\",1+MAX(A$9:A70))","v":""}]
[{"$f":"IF(D72=0,\"\",1+MAX(A$9:A71))","v":""},null,"Subtotal (Site Work/ Existing Conditions)",null,null,{"$f":"IF(D72=0,\"\",0)","v":""},{"$f":"IF(F72=\"\",\"\",D72*F72)","v":""},{"$f":"(SUM(G19:G72))","v":{"v":45487.396218518516,"d":"$45,487"}}]
[]
[null,null,"DIVISION 03- CONCRETE"]
[{"$f":"IF(D75=0,\"\",1+MAX(A$8:A74))","v":""},{"$nulls":4},{"$f":"IF(D75=0,\"\",0)","v":""},{"$f":"IF(F75=\"\",\"\",D75*F75)","v":""}]
[null,null,"Slab"]
[{"$f":"IF(D77=0,\"\",1+MAX(A$9:A76))","v":32},"A101","4\" Thk. Rat slab",{"v":360.55,"d":"361"},"SF",{"v":13,"d":"$13"},{"$f":"IF(F77=\"\",\"\",D77*F77)","v":{"v":4687.150000000001,"d":"$4,687"}}]
[{"$f":"IF(D78=0,\"\",1+MAX(A$9:A77))","v":33},null,"4\" Thk. concrete slab o/ 6\" gravel",{"v":271.36,"d":"271"},"SF",{"v":13,"d":"$13"},{"v":3527.6800000000003,"d":"$3,528"}]
[]
[null,null,"Footing"]
[{"$f":"IF(D81=0,\"\",1+MAX(A$9:A80))","v":34},null,"2'-0\"W X 12\"D Reinforced Concrete continuous footing",{"$f":"(158*2*1)/27","v":{"v":11.703703703703704,"d":"11.70"}},"CY",{"v":650,"d":"$650"},{"$f":"IF(F81=\"\",\"\",D81*F81)","v":{"v":7607.407407407408,"d":"$7,607"}}]
[{"$f":"IF(D82=0,\"\",1+MAX(A$9:A81))","v":35},null,"3'-0\"W X 12\"D Reinforced Concrete Isolated footing",{"$f":"(3*1*1)/27","v":{"v":0.1111111111111111,"d":"0.11"}},"CY",{"v":650,"d":"$650"},{"v":72.22222222222221,"d":"$72"}]
[]
[null,null,"Stem wall"]
[{"$f":"IF(D85=0,\"\",1+MAX(A$9:A84))","v":36},null,"12\" Thk. x 4'-3\"H Reinforced Concrete Stem wall",{"$f":"(1*4.25*76.92)/27","v":{"v":12.107777777777779,"d":"12.11"}},"CY",{"v":650,"d":"$650"},{"$f":"IF(F85=\"\",\"\",D85*F85)","v":{"v":7870.055555555557,"d":"$7,870"}}]
[{"$f":"IF(D86=0,\"\",1+MAX(A$9:A85))","v":37},null,"8\" Thk. x 2'-3\"H Reinforced Concrete Stem wall",{"$f":"(0.667*12.18*2.25)/27","v":{"v":0.677005,"d":"0.68"}},"CY",{"v":650,"d":"$650"},{"v":440.05325,"d":"$440"}]
[{"$f":"IF(D87=0,\"\",1+MAX(A$9:A86))","v":38},null,"8\" Thk. x 4'-3\"H Reinforced Concrete Stem wall",{"$f":"(4.25*0.667*45.18)/27","v":{"v":4.743481666666667,"d":"4.74"}},"CY",{"v":650,"d":"$650"},{"v":3083.2630833333333,"d":"$3,083"}]
[{"$f":"IF(D88=0,\"\",1+MAX(A$9:A87))","v":39},null,"8\" Thk. x 3'-0\"H Reinforced Concrete Stem wall",{"$f":"(3*0.667*23.92)/27","v":{"v":1.7727377777777784,"d":"1.77"}},"CY",{"v":650,"d":"$650"},{"v":1152.279555555556,"d":"$1,152"}]
[{"$f":"IF(D89=0,\"\",1+MAX(A$9:A88))","v":""}]
[{"$f":"IF(D90=0,\"\",1+MAX(A$9:A89))","v":""},null,"Concrete Step"]
[{"$f":"IF(D91=0,\"\",1+MAX(A$9:A90))","v":40},"A102","Concrete steps w/ 2\" Edgestone\n\nNo. of 7\"H risers: 4 EA",{"v":61.41,"d":"61"},"SF",{"v":13,"d":"$13"},{"$f":"IF(F91=\"\",\"\",D91*F91)","v":{"v":798.3299999999999,"d":"$798"}}]
[{"$f":"IF(D92=0,\"\",1+MAX(A$9:A91))","v":""},{"$nulls":4},{"$f":"IF(D92=0,\"\",0)","v":""},""]
[{"$f":"IF(D93=0,\"\",1+MAX(A$9:A92))","v":""},null,"Formwork",null,null,{"$f":"IF(D93=0,\"\",0)","v":""},""]
[{"$f":"IF(D94=0,\"\",1+MAX(A$9:A93))","v":41},null,"Formwork required for concrete work",{"v":1564.18,"d":"1564"},"SF",{"v":2,"d":"$2"},{"v":3128.36,"d":"$3,128"}]
[{"$f":"IF(D95=0,\"\",1+MAX(A$9:A94))","v":""},{"$nulls":4},{"$f":"IF(D95=0,\"\",0)","v":""},""]
[null,null,"Subtotal (Concrete)",null,null,{"$f":"IF(D96=0,\"\",0)","v":""},"",{"$f":"(SUM(G75:G96))","v":{"v":32366.801074074087,"d":"$32,367"}}]
[]
[null,null,"DIVISION 04- MASONRY"]
[{"$f":"IF(D99=0,\"\",1+MAX(A$8:A98))","v":""},{"$nulls":4},{"$f":"IF(D99=0,\"\",0)","v":""},{"$f":"IF(F99=\"\",\"\",D99*F99)","v":""}]
[{"$f":"IF(D100=0,\"\",1+MAX(A$8:A99))","v":""},null,"Stone",null,null,{"$f":"IF(D100=0,\"\",0)","v":""},""]
[{"$f":"IF(D101=0,\"\",1+MAX(A$9:A100))","v":42},"A101","2\" Flagstone ",{"v":271.36,"d":"271"},"SF",{"v":19,"d":"$19"},{"v":5155.84,"d":"$5,156"}]
[{"$f":"IF(D102=0,\"\",1+MAX(A$8:A100))","v":""},{"$nulls":4},{"$f":"IF(D102=0,\"\",0)","v":""},""]
[null,null,"Subtotal (Masonry)",null,null,{"$f":"IF(D103=0,\"\",0)","v":""},"",{"$f":"(SUM(G99:G103))","v":{"v":5155.84,"d":"$5,156"}}]
[]
[null,null,"DIVISION 05- METALS"]
[{"$f":"IF(D106=0,\"\",1+MAX(A$8:A105))","v":""},{"$nulls":4},{"$f":"IF(D106=0,\"\",0)","v":""},{"$f":"IF(F106=\"\",\"\",D106*F106)","v":""}]
[null,null,"Post"]
[{"$f":"IF(D108=0,\"\",1+MAX(A$9:A107))","v":43},"S2","HSS 4X4X3/8\" POST",9,"LF",{"v":25,"d":"$25"},{"$f":"IF(F108=\"\",\"\",D108*F108)","v":{"v":225,"d":"$225"}}]
[{"$f":"IF(D109=0,\"\",1+MAX(A$8:A106))","v":""},{"$nulls":4},{"$f":"IF(D109=0,\"\",0)","v":""},""]
[{"$f":"IF(D110=0,\"\",1+MAX(A$8:A109))","v":""},null,"Plate",null,null,{"$f":"IF(D110=0,\"\",0)","v":""},""]
[{"$f":"IF(D111=0,\"\",1+MAX(A$8:A110))","v":44},"S2-S4","3/8\" STL X 11-5/8\" STL PL Btm Flush",{"v":29.58,"d":"30"},"LF",{"v":15,"d":"$15"},{"v":443.7,"d":"$444"}]
[{"$f":"IF(D112=0,\"\",1+MAX(A$8:A111))","v":45},null,"11\"x1/2\"x5-1/2\" L-Shaped base plate w/ (2) 1/2\" dia epoxy anchors",1,"EA",{"v":200,"d":"$200"},{"v":200,"d":"$200"}]
[{"$f":"IF(D113=0,\"\",1+MAX(A$8:A112))","v":""},{"$nulls":4},{"$f":"IF(D113=0,\"\",0)","v":""},""]
[null,null,"Subtotal (Metals)",null,null,{"$f":"IF(D114=0,\"\",0)","v":""},"",{"$f":"(SUM(G106:G114))","v":{"v":868.7,"d":"$869"}}]
[]
[null,null,"DIVISION 06- WOOD, PLASTIC & COMPOSITES"]
[{"$f":"IF(D117=0,\"\",1+MAX(A$8:A116))","v":""},{"$nulls":4},{"$f":"IF(D117=0,\"\",0)","v":""},{"$f":"IF(F117=\"\",\"\",D117*F117)","v":""}]
[null,null,"Studs"]
[{"$f":"IF(D119=0,\"\",1+MAX(A$8:A118))","v":46},"A102","2x6 Studs at 16\" oc\nNo. of studs at 9'-0\" HT: 80 EA\nNo. of studs at 8'-6\" HT: 75 EA",{"$f":"(80*9)+(8.5*75)","v":{"v":1357.5,"d":"1358"}},"LF",{"v":3,"d":"$3"},{"$f":"IF(F119=\"\",\"\",D119*F119)","v":{"v":4072.5,"d":"$4,073"}}]
[{"$f":"IF(D120=0,\"\",1+MAX(A$8:A119))","v":47},null,"2x6 Studs at 16\" oc\nNo. of studs at 9'-0\" HT: 24 EA\nNo. of studs at 8'-6\" HT: 110 EA\nNo. of studs at 3'-6\" HT: 9 EA",{"$f":"(24*9)+(8.5*110)+(9*3.5)","v":{"v":1182.5,"d":"1183"}},"LF",{"v":3,"d":"$3"},{"v":3547.5,"d":"$3,548"}]
[{"$f":"IF(D121=0,\"\",1+MAX(A$8:A120))","v":48},null,"2x6 Bottom plate",{"v":205.84,"d":"206"},"LF",{"v":3,"d":"$3"},{"v":617.52,"d":"$618"}]
[{"$f":"IF(D122=0,\"\",1+MAX(A$8:A121))","v":49},null,"2x6 Top plate",{"$f":"2*205.84","v":{"v":411.68,"d":"412"}},"LF",{"v":3,"d":"$3"},{"v":1235.04,"d":"$1,235"}]
[{"$f":"IF(D123=0,\"\",1+MAX(A$8:A122))","v":50},null,"2x4 Bottom plate",{"v":189.64,"d":"190"},"LF",{"v":2,"d":"$2"},{"v":379.28,"d":"$379"}]
[{"$f":"IF(D124=0,\"\",1+MAX(A$8:A123))","v":51},null,"2x4 Top plate",{"$f":"2*189.64","v":{"v":379.28,"d":"379"}},"LF",{"v":2,"d":"$2"},{"v":758.56,"d":"$759"}]
[]
[null,null,"Posts"]
[{"$f":"IF(D127=0,\"\",1+MAX(A$8:A126))","v":52},"S2-S4","Box out 6x6 Wood post w/ 1x Azek",{"v":31.44,"d":"31"},"LF",{"v":8,"d":"$8"},{"$f":"IF(F127=\"\",\"\",D127*F127)","v":{"v":251.52,"d":"$252"}}]
[{"$f":"IF(D128=0,\"\",1+MAX(A$8:A127))","v":53},null,"King Stud",{"$f":"(2*8.5)+(8*9)+(2*2*7)+(2*1*8.5)+(2*2*9)","v":170},"LF",{"v":4,"d":"$4"},{"v":680,"d":"$680"}]
[{"$f":"IF(D129=0,\"\",1+MAX(A$8:A128))","v":54},null,"Jack Stud",{"$f":"(2*8.5)+(8*9)+(2*7)+(2*1*8.5)+(2*2*9)","v":156},"LF",{"v":4,"d":"$4"},{"v":624,"d":"$624"}]
[]
[null,null,"Beams"]
[{"$f":"IF(D132=0,\"\",1+MAX(A$8:A131))","v":55},null,"B1-01: 1-3/4\" X 9-1/2\" LVL",{"v":33.78,"d":"34"},"LF",{"v":11,"d":"$11"},{"$f":"IF(F132=\"\",\"\",D132*F132)","v":{"v":371.58000000000004,"d":"$372"}}]
[{"$f":"IF(D133=0,\"\",1+MAX(A$8:A132))","v":56},null,"B1-02: 1-3/4\" X 9-1/2\" LVL",{"v":24.49,"d":"24"},"LF",{"v":11,"d":"$11"},{"v":269.39,"d":"$269"}]
[{"$f":"IF(D134=0,\"\",1+MAX(A$8:A133))","v":57},null,"B2-01: 1-3/4\" X 9-1/2\" LVL",{"v":50.96,"d":"51"},"LF",{"v":11,"d":"$11"},{"v":560.5600000000001,"d":"$561"}]
[{"$f":"IF(D135=0,\"\",1+MAX(A$8:A134))","v":58},null,"B2-02: 1-3/4\" X 5-1/2\" LVL",{"v":21.06,"d":"21"},"LF",{"v":7,"d":"$7"},{"v":147.42,"d":"$147"}]
[{"$f":"IF(D136=0,\"\",1+MAX(A$8:A135))","v":59},null,"B2-03: 1-3/4\" X 5-1/2\" LVL Flash",{"v":25.51,"d":"26"},"LF",{"v":7,"d":"$7"},{"v":178.57000000000002,"d":"$179"}]
[{"$f":"IF(D137=0,\"\",1+MAX(A$8:A136))","v":60},null,"B2-04: 1-3/4\" X 11-7/8\" LVL Flash beam",{"v":58.17,"d":"58"},"LF",{"v":13,"d":"$13"},{"v":756.21,"d":"$756"}]
[{"$f":"IF(D138=0,\"\",1+MAX(A$8:A137))","v":61},null,"B2-05: 1-3/4\" X 9-1/2\" LVL Flash cant.",{"v":22.21,"d":"22"},"LF",{"v":11,"d":"$11"},{"v":244.31,"d":"$244"}]
[{"$f":"IF(D139=0,\"\",1+MAX(A$8:A138))","v":62},null,"B2-06: 1-3/4\" LVL",{"v":18.75,"d":"19"},"LF",{"v":7,"d":"$7"},{"v":131.25,"d":"$131"}]
[{"$f":"IF(D140=0,\"\",1+MAX(A$8:A139))","v":63},null,"B2-07: 1-3/4\" X 11-7/8\" LVL DEF 1/4\"",{"v":28.21,"d":"28"},"LF",{"v":13,"d":"$13"},{"v":366.73,"d":"$367"}]
[{"$f":"IF(D141=0,\"\",1+MAX(A$8:A140))","v":64},null,"B3-01: 1-3/4\" X 11-7/8\" LVL ",{"$f":"3*14.79","v":{"v":44.37,"d":"44"}},"LF",{"v":13,"d":"$13"},{"v":576.81,"d":"$577"}]
[{"$f":"IF(D142=0,\"\",1+MAX(A$8:A141))","v":65},null,"B3-02: 1-3/4\" X 11-7/8\" LVL Btm flush",{"v":59.66,"d":"60"},"LF",{"v":13,"d":"$13"},{"v":775.5799999999999,"d":"$776"}]
[{"$f":"IF(D143=0,\"\",1+MAX(A$8:A142))","v":66},null,"B3-03: 1-3/4\" X 11-7/8\" LVL Btm flush",{"v":32.42,"d":"32"},"LF",{"v":13,"d":"$13"},{"v":421.46000000000004,"d":"$421"}]
[{"$f":"IF(D144=0,\"\",1+MAX(A$8:A143))","v":67},null,"B3-04: 1-3/4\" X 11-7/8\" LVL ",{"v":20.69,"d":"21"},"LF",{"v":13,"d":"$13"},{"v":268.97,"d":"$269"}]
[{"$f":"IF(D145=0,\"\",1+MAX(A$8:A144))","v":68},null,"B3-05: 1-3/4\" X 9-1/2\" LVL",{"v":6.53,"d":"7"},"LF",{"v":11,"d":"$11"},{"v":71.83,"d":"$72"}]
[]
[null,null,"Ledger"]
[{"$f":"IF(D148=0,\"\",1+MAX(A$8:A147))","v":69},null,"1-3/4\" X 9-1/2\" LVL Ledger",19,"LF",{"v":11,"d":"$11"},{"$f":"IF(F148=\"\",\"\",D148*F148)","v":{"v":209,"d":"$209"}}]
[]
[null,null,"Joist"]
[{"$f":"IF(D151=0,\"\",1+MAX(A$8:A150))","v":70},null,"9-1/2\" TJI 230 @ 16\" oc",{"$f":"(2*157.51)+335.01","v":{"v":650.03,"d":"650"}},"LF",{"v":11,"d":"$11"},{"$f":"IF(F151=\"\",\"\",D151*F151)","v":{"v":7150.33,"d":"$7,150"}}]
[{"$f":"IF(D152=0,\"\",1+MAX(A$8:A151))","v":71},null,"2X10 @ 16\" oc ceiling joist",{"v":481.43,"d":"481"},"LF",{"v":5,"d":"$5"},{"v":2407.15,"d":"$2,407"}]
[{"$f":"IF(D153=0,\"\",1+MAX(A$8:A152))","v":72},null,"1-3/4\" x 9-1/2\" 2.0E LVL @ 16\" OC",{"$f":"2*80.5","v":161},"LF",{"v":11,"d":"$11"},{"v":1771,"d":"$1,771"}]
[]
[null,null,"Rafter"]
[{"$f":"IF(D156=0,\"\",1+MAX(A$8:A155))","v":73},null,"2X8 @ 16\" oc rafters",{"v":63.69,"d":"64"},"LF",{"v":4,"d":"$4"},{"$f":"IF(F156=\"\",\"\",D156*F156)","v":{"v":254.76,"d":"$255"}}]
[{"$f":"IF(D157=0,\"\",1+MAX(A$8:A156))","v":74},null,"2X10 @ 16\" oc rafters",{"v":507.68,"d":"508"},"LF",{"v":5,"d":"$5"},{"v":2538.4,"d":"$2,538"}]
[{"$f":"IF(D158=0,\"\",1+MAX(A$8:A157))","v":75},null,"2X10 @ 16\" oc rafters over frame",{"v":69.4,"d":"69"},"LF",{"v":5,"d":"$5"},{"v":347,"d":"$347"}]
[{"$f":"IF(D159=0,\"\",1+MAX(A$8:A158))","v":76},null,"9-1/2\" TJI 230 @ 16\" oc rafters ( 3-support)",{"v":261.74,"d":"262"},"LF",{"v":11,"d":"$11"},{"v":2879.1400000000003,"d":"$2,879"}]
[]
[null,null,"Hangers"]
[{"$f":"IF(D162=0,\"\",1+MAX(A$8:A161))","v":77},null,"HU Hanger",2,"EA",{"v":30,"d":"$30"},{"$f":"IF(F162=\"\",\"\",D162*F162)","v":{"v":60,"d":"$60"}}]
[{"$f":"IF(D163=0,\"\",1+MAX(A$8:A162))","v":78},null,"HUCQ Hanger",4,"EA",{"v":30,"d":"$30"},{"v":120,"d":"$120"}]
[]
[null,null,"Blocking"]
[{"$f":"IF(D166=0,\"\",1+MAX(A$8:A165))","v":79},null,"Blocking",12,"LF",{"v":2,"d":"$2"},{"$f":"IF(F166=\"\",\"\",D166*F166)","v":{"v":24,"d":"$24"}}]
[]
[null,null,"Ridge Board"]
[{"$f":"IF(D169=0,\"\",1+MAX(A$8:A168))","v":80},null,"1-3/4\" x 14\" LVL Ridge board",{"v":54.66,"d":"55"},"LF",{"v":15,"d":"$15"},{"$f":"IF(F169=\"\",\"\",D169*F169)","v":{"v":819.9,"d":"$820"}}]
[]
[null,null,"Balloon Framing"]
[{"$f":"IF(D172=0,\"\",1+MAX(A$8:A171))","v":81},"A103","Balloon Framing @ 16\" oc\nAssumed",{"v":70.93,"d":"71"},"LF",{"v":5,"d":"$5"},{"$f":"IF(F172=\"\",\"\",D172*F172)","v":{"v":354.65000000000003,"d":"$355"}}]
[]
[null,null,"Plywood"]
[{"$f":"IF(D175=0,\"\",1+MAX(A$8:A174))","v":82},"A102","1\" CDX Plywood at floor",{"v":169.45,"d":"169"},"SF",{"v":3,"d":"$3"},{"$f":"IF(F175=\"\",\"\",D175*F175)","v":{"v":508.34999999999997,"d":"$508"}}]
[{"$f":"IF(D176=0,\"\",1+MAX(A$8:A175))","v":83},null,"3/4\" CDX Plywood at floor",{"v":1042.76,"d":"1043"},"SF",{"v":3,"d":"$3"},{"$f":"IF(F176=\"\",\"\",D176*F176)","v":{"v":3128.2799999999997,"d":"$3,128"}}]
[{"$f":"IF(D177=0,\"\",1+MAX(A$8:A176))","v":84},null,"Plywood at exterior wall",{"v":1670.15,"d":"1670"},"SF",{"v":3,"d":"$3"},{"v":5010.450000000001,"d":"$5,010"}]
[{"$f":"IF(D178=0,\"\",1+MAX(A$8:A177))","v":85},null,"3/4\" Exterior grade plywood sheathing at Roof",{"v":961.95,"d":"962"},"SF",{"v":3,"d":"$3"},{"v":2885.8500000000004,"d":"$2,886"}]
[{"$f":"IF(D179=0,\"\",1+MAX(A$8:A178))","v":86},null,"3/4\" CDX\n Plywood at roof",{"$f":"2*304.15","v":{"v":608.3,"d":"608"}},"SF",{"v":3,"d":"$3"},{"v":1824.8999999999999,"d":"$1,825"}]
[]
[null,null,"Soffit"]
[{"$f":"IF(D182=0,\"\",1+MAX(A$8:A181))","v":87},null,"Plywood Bead board sofit w/ button vents",{"v":256.88,"d":"257"},"SF",{"v":4,"d":"$4"},{"$f":"IF(F182=\"\",\"\",D182*F182)","v":{"v":1027.52,"d":"$1,028"}}]
[]
[null,null,"Trim"]
[{"$f":"IF(D185=0,\"\",1+MAX(A$8:A184))","v":88},null,"DYKES #253 Backband Trim at windows (Interior)",270,"LF",{"v":3,"d":"$3"},{"$f":"IF(F185=\"\",\"\",D185*F185)","v":{"v":810,"d":"$810"}}]
[{"$f":"IF(D186=0,\"\",1+MAX(A$8:A185))","v":89},null,"DYKES #212 Sill @ Window (Interior)",{"v":64.25,"d":"64"},"LF",{"v":4,"d":"$4"},{"v":257,"d":"$257"}]
[{"$f":"IF(D187=0,\"\",1+MAX(A$8:A186))","v":90},null,"1x4 Trim at doors (Interior)",{"v":787.072,"d":"787"},"LF",{"v":4,"d":"$4"},{"v":3148.288,"d":"$3,148"}]
[{"$f":"IF(D188=0,\"\",1+MAX(A$8:A187))","v":91},null,"5/4\" x 4\" wood trim at exterior",{"v":216.41,"d":"216"},"LF",{"v":4,"d":"$4"},{"v":865.64,"d":"$866"}]
[]
[null,null,"Millwork"]
[{"$f":"IF(D191=0,\"\",1+MAX(A$8:A190))","v":92},null,"2'-0\"D Base cabinets",{"v":26.66,"d":"27"},"LF",{"v":190,"d":"$190"},{"$f":"IF(F191=\"\",\"\",D191*F191)","v":{"v":5065.4,"d":"$5,065"}}]
[{"$f":"IF(D192=0,\"\",1+MAX(A$8:A191))","v":93},null,"1'-0\"D upper cabinets",{"v":4.66,"d":"5"},"LF",{"v":170,"d":"$170"},{"v":792.2,"d":"$792"}]
[{"$f":"IF(D193=0,\"\",1+MAX(A$8:A192))","v":94},null,"2'-0\"D X 7'-0\"H Closet",{"v":17.55,"d":"18"},"LF",{"v":220,"d":"$220"},{"v":3861,"d":"$3,861"}]
[null,null,"Note: Millwork is assumed"," "]
[{"$f":"IF(D195=0,\"\",1+MAX(A$8:A193))","v":""},{"$nulls":4},{"$f":"IF(D195=0,\"\",0)","v":""},{"$f":"IF(F195=\"\",\"\",D195*F195)","v":""}]
[null,null,"Subtotal (Openings)",null,null,"","",{"$f":"(SUM(G117:G196))","v":{"v":65426.79800000001,"d":"$65,427"}}]
[]
[null,null,"DIVISION 07- THERMAL & MOISTURE PROTECTION"]
[{"$f":"IF(D199=0,\"\",1+MAX(A$8:A198))","v":""},{"$nulls":4},{"$f":"IF(D199=0,\"\",0)","v":""},{"$f":"IF(F199=\"\",\"\",D199*F199)","v":""}]
[null,null,"Roofing"]
[{"$f":"IF(D201=0,\"\",1+MAX(A$8:A200))","v":95},"A104",".6 EPDM roofing\nMfr: Carlyle",{"v":304.15,"d":"304"},"SF",{"v":6,"d":"$6"},{"$f":"IF(F201=\"\",\"\",D201*F201)","v":{"v":1824.8999999999999,"d":"$1,825"}}]
[{"$f":"IF(D202=0,\"\",1+MAX(A$8:A201))","v":96},null,"Asphalt roof shingles o/ 15# felt paper",{"v":961.957649,"d":"962"},"SF",{"v":7,"d":"$7"},{"v":6733.703543,"d":"$6,734"}]
[{"$f":"IF(D203=0,\"\",1+MAX(A$8:A202))","v":""}]
[{"$f":"IF(D204=0,\"\",1+MAX(A$8:A203))","v":""},null,"Gutter & Downspout"]
[{"$f":"IF(D205=0,\"\",1+MAX(A$8:A204))","v":97},null,"Gutters & leaders to match existing",{"v":80.97,"d":"81"},"LF",{"v":7,"d":"$7"},{"$f":"IF(F205=\"\",\"\",D205*F205)","v":{"v":566.79,"d":"$567"}}]
[{"$f":"IF(D206=0,\"\",1+MAX(A$8:A205))","v":98},null,"Roof leader downspout",40,"LF",{"v":6,"d":"$6"},{"v":240,"d":"$240"}]
[{"$f":"IF(D207=0,\"\",1+MAX(A$8:A206))","v":""}]
[{"$f":"IF(D208=0,\"\",1+MAX(A$8:A207))","v":""},null,"Siding"]
[{"$f":"IF(D209=0,\"\",1+MAX(A$8:A208))","v":99},"A103","Siding (To match existing)",{"v":1670.15,"d":"1670"},"SF",{"v":7,"d":"$7"},{"$f":"IF(F209=\"\",\"\",D209*F209)","v":{"v":11691.050000000001,"d":"$11,691"}}]
[{"$f":"IF(D210=0,\"\",1+MAX(A$8:A209))","v":""}]
[{"$f":"IF(D211=0,\"\",1+MAX(A$8:A210))","v":""},null,"Insulation"]
[{"$f":"IF(D212=0,\"\",1+MAX(A$8:A211))","v":100},"A01-A104","R-49 Closed cell spray foam insulation at ceiling",{"v":625.06,"d":"625"},"SF",{"v":1.5,"d":"$2"},{"$f":"IF(F212=\"\",\"\",D212*F212)","v":{"v":937.5899999999999,"d":"$938"}}]
[{"$f":"IF(D213=0,\"\",1+MAX(A$8:A212))","v":101},null,"R-30 Batt insulation",{"v":899.7,"d":"900"},"SF",{"v":2,"d":"$2"},{"v":1799.4,"d":"$1,799"}]
[{"$f":"IF(D214=0,\"\",1+MAX(A$8:A213))","v":102},null,"Insulation at Washroom walls",{"v":669.8,"d":"670"},"SF",{"v":1.5,"d":"$2"},{"v":1004.6999999999999,"d":"$1,005"}]
[{"$f":"IF(D215=0,\"\",1+MAX(A$8:A214))","v":103},null,"R-21 Insulation at exterior walls",{"v":1802.7849999999999,"d":"1803"},"SF",{"v":1.5,"d":"$2"},{"v":2704.1775,"d":"$2,704"}]
[{"$f":"IF(D216=0,\"\",1+MAX(A$8:A215))","v":""}]
[{"$f":"IF(D217=0,\"\",1+MAX(A$8:A216))","v":""},null,"Vapor Barrier"]
[{"$f":"IF(D218=0,\"\",1+MAX(A$8:A217))","v":104},null,"Vapor Barrier at exterior wall\nAssumed",{"v":1670.15,"d":"1670"},"SF",{"v":1.3,"d":"$1"},{"$f":"IF(F218=\"\",\"\",D218*F218)","v":{"v":2171.195,"d":"$2,171"}}]
[{"$f":"IF(D219=0,\"\",1+MAX(A$8:A218))","v":""}]
[{"$f":"IF(D220=0,\"\",1+MAX(A$8:A219))","v":""},null,"Exterior board"]
[{"$f":"IF(D221=0,\"\",1+MAX(A$8:A220))","v":105},null,"3\" Rake overhand w/ rake molding",{"v":100.53,"d":"101"},"LF",{"v":5,"d":"$5"},{"$f":"IF(F221=\"\",\"\",D221*F221)","v":{"v":502.65,"d":"$503"}}]
[{"$f":"IF(D222=0,\"\",1+MAX(A$8:A221))","v":106},null,"8\"H Fascia board",{"v":87.28,"d":"87"},"LF",{"v":5,"d":"$5"},{"v":436.4,"d":"$436"}]
[{"$f":"IF(D223=0,\"\",1+MAX(A$8:A222))","v":""}]
[{"$f":"IF(D224=0,\"\",1+MAX(A$8:A223))","v":""},null,"Flashing"]
[{"$f":"IF(D225=0,\"\",1+MAX(A$8:A224))","v":107},null,"Flashing",{"v":58.6,"d":"59"},"LF",{"v":5,"d":"$5"},{"$f":"IF(F225=\"\",\"\",D225*F225)","v":{"v":293,"d":"$293"}}]
[]
[null,null,"Subtotal (Thermal & Moisture Protection)",null,null,{"$f":"IF(D227=0,\"\",0)","v":""},"",{"$f":"(SUM(G199:G227))","v":{"v":30905.556043000004,"d":"$30,906"}}]
[]
[null,null,"DIVISION 08- OPENINGS"]
[{"$f":"IF(D230=0,\"\",1+MAX(A$8:A229))","v":""},{"$nulls":4},{"$f":"IF(D230=0,\"\",0)","v":""},{"$f":"IF(F230=\"\",\"\",D230*F230)","v":""}]
[null,null,"Window"]
[{"$f":"IF(D232=0,\"\",1+MAX(A$8:A231))","v":108},"A102 & A105","A: 3'-6\"W X 6'-4\"H Double hung egress window\n\nMfr: Marvin Windows & Doors\n\nType: ELDH 3664\n\nModel:  ELDH 3664",3,"EA",{"v":1320,"d":"$1,320"},{"$f":"IF(F232=\"\",\"\",D232*F232)","v":{"v":3960,"d":"$3,960"}}]
[{"$f":"IF(D233=0,\"\",1+MAX(A$8:A232))","v":109},null,"C: 3'-2\"W X 5'-2\"H Double hung window\n\nMfr: Marvin Windows & Doors\n\nType: ELDH 3252\n\nModel: ELDH 3252",2,"EA",{"v":950,"d":"$950"},{"v":1900,"d":"$1,900"}]
[{"$f":"IF(D234=0,\"\",1+MAX(A$8:A233))","v":110},null,"D: 3'-6\"W X 6'-0\"H Double hung window\n\nMfr: Marvin Windows & Doors\n\nType: ELDH 3660\n\nModel: ELDH 3660",6,"EA",{"v":1260,"d":"$1,260"},{"v":7560,"d":"$7,560"}]
[{"$f":"IF(D235=0,\"\",1+MAX(A$8:A234))","v":111},null,"F: 2'-2\"W X 3'-6\"H Double hung window\n\nMfr: Marvin Windows & Doors\n\nType: ELDH 2236\n\nModel: ELDH 2236",1,"EA",{"v":440,"d":"$440"},{"v":440,"d":"$440"}]
[{"$f":"IF(D236=0,\"\",1+MAX(A$8:A235))","v":112},null,"G: 3'-3\"W X 3'-9\"H window\n\nMfr: Marvin Windows & Doors\n\nType: ELDH 3339\n\nModel: ELDH 3339",1,"EA",{"v":730,"d":"$730"},{"v":730,"d":"$730"}]
[{"$f":"IF(D237=0,\"\",1+MAX(A$8:A236))","v":113},null,"H: 3'-0\"W X 4'-4\"H Double hung window\n\nMfr: Marvin Windows & Doors\n\nType: ELDH 3044\n\nModel: ELDH 3044",7,"EA",{"v":780,"d":"$780"},{"v":5460,"d":"$5,460"}]
[{"$f":"IF(D238=0,\"\",1+MAX(A$8:A237))","v":""}]
[{"$f":"IF(D239=0,\"\",1+MAX(A$8:A238))","v":""},null,"Doors"]
[{"$f":"IF(D240=0,\"\",1+MAX(A$8:A239))","v":""}]
[{"$f":"IF(D241=0,\"\",1+MAX(A$8:A240))","v":""},null,"Exterior door"]
[{"$f":"IF(D242=0,\"\",1+MAX(A$8:A241))","v":114},null,"9'-0\"E X 6'-8\"H Sliding patio door\n\nMfr: Marvin doors & Windows\n\nModel: ELSPD9068",2,"EA",{"v":1200,"d":"$1,200"},{"$f":"IF(F242=\"\",\"\",D242*F242)","v":{"v":2400,"d":"$2,400"}}]
[{"$f":"IF(D243=0,\"\",1+MAX(A$8:A242))","v":115},null,"3'-0\"W X 6'-8\"H X 1-3/5\" THK. Painted Exterior Screen door w/ Painted wood frame ",1,"EA",{"v":800,"d":"$800"},{"v":800,"d":"$800"}]
[{"$f":"IF(D244=0,\"\",1+MAX(A$8:A243))","v":116},null,"2'-8\"W X 6'-8\"H X 1-3/5\" THK. Painted Exterior Screen door w/ Painted wood frame ",1,"EA",{"v":800,"d":"$800"},{"v":800,"d":"$800"}]
[{"$f":"IF(D245=0,\"\",1+MAX(A$8:A244))","v":117},null,"2'-8\"W X 6'-8\"H X 1-3/4\" THK. Painted inswing Screen french door w/ Painted wood frame \n\nMfr: Marvin Windows & Doors\n\nModel: ELIFD2868",1,"EA",{"v":800,"d":"$800"},{"v":800,"d":"$800"}]
[{"$f":"IF(D246=0,\"\",1+MAX(A$8:A245))","v":""}]
[{"$f":"IF(D247=0,\"\",1+MAX(A$8:A246))","v":""},null,"Interior Door"]
[{"$f":"IF(D248=0,\"\",1+MAX(A$8:A247))","v":118},null,"2'-8\"W X 6'-8\"H X 1-3/8\" THK. Painted Interior Pocket door w/ Painted wood frame ",1,"EA",{"v":800,"d":"$800"},{"$f":"IF(F248=\"\",\"\",D248*F248)","v":{"v":800,"d":"$800"}}]
[{"$f":"IF(D249=0,\"\",1+MAX(A$8:A248))","v":119},null,"2'-0\"W X 6'-8\"H X 1-3/8\" THK. Painted Interior pocket door w/ Painted wood frame ",1,"EA",{"v":700,"d":"$700"},{"v":700,"d":"$700"}]
[{"$f":"IF(D250=0,\"\",1+MAX(A$8:A249))","v":120},null,"2'-6\"W X 6'-8\"H X 1-3/8\" THK. Painted Interior door w/ Painted wood frame ",1,"EA",{"v":800,"d":"$800"},{"v":800,"d":"$800"}]
[{"$f":"IF(D251=0,\"\",1+MAX(A$8:A250))","v":121},null,"2'-8\"W X 6'-8\"H X 1-3/8\" THK. Painted Interior door w/ Painted wood frame ",5,"EA",{"v":800,"d":"$800"},{"v":4000,"d":"$4,000"}]
[{"$f":"IF(D252=0,\"\",1+MAX(A$8:A251))","v":122},null,"2'-0\"W X 6'-8\"H X 1-3/8\" THK. Painted Interior door w/ Painted wood frame ",5,"EA",{"v":700,"d":"$700"},{"v":3500,"d":"$3,500"}]
[{"$f":"IF(D253=0,\"\",1+MAX(A$8:A252))","v":123},null,"4'-6\"W X 6'-8\"H X 1-3/8\" THK. Painted Interior Bi-folding door w/ Painted wood frame  ",1,"EA",{"v":900,"d":"$900"},{"v":900,"d":"$900"}]
[{"$f":"IF(D254=0,\"\",1+MAX(A$8:A253))","v":124},null,"(2) 1'-6\"W X 6'-8\"H X 1-3/8\" THK. Painted Interior door w/ Painted wood frame \n\nMfr: TruStile\n\nModel: TS4000",4,"EA",{"v":800,"d":"$800"},{"v":3200,"d":"$3,200"}]
[{"$f":"IF(D255=0,\"\",1+MAX(A$8:A254))","v":""},null,"NOTE: Interior doors would have following specs\n3\" Stile w/ 3\" Rail & ADL (Authentic divided lites)"]
[{"$f":"IF(D256=0,\"\",1+MAX(A$8:A255))","v":""},null,"Opening"]
[{"$f":"IF(D257=0,\"\",1+MAX(A$8:A256))","v":125},null,"4'-0\"W X 6'-8\"H Opening",1,"EA",{"v":530,"d":"$530"},{"$f":"IF(F257=\"\",\"\",D257*F257)","v":{"v":530,"d":"$530"}}]
[{"$f":"IF(D258=0,\"\",1+MAX(A$8:A257))","v":126},null,"10'-0\"W X 6'-8\"H Opening",1,"EA",{"v":1340,"d":"$1,340"},{"v":1340,"d":"$1,340"}]
[{"$f":"IF(D259=0,\"\",1+MAX(A$8:A258))","v":127},null,"6'-0\"W X 6'-8\"H Opening",1,"EA",{"v":800,"d":"$800"},{"v":800,"d":"$800"}]
[]
[null,null,"Subtotal (Openings)",null,null,{"$f":"IF(D261=0,\"\",0)","v":""},{"$f":"IF(F261=\"\",\"\",D261*F261)","v":""},{"$f":"(SUM(G230:G261))","v":{"v":41420,"d":"$41,420"}}]
[]
[null,null,"DIVISION 09- FINISHES"]
[{"$f":"IF(D264=0,\"\",1+MAX(A$8:A263))","v":""},{"$nulls":4},{"$f":"IF(D264=0,\"\",0)","v":""},{"$f":"IF(F264=\"\",\"\",D264*F264)","v":""}]
[null,null,"Flooring"]
[{"$f":"IF(D266=0,\"\",1+MAX(A$8:A265))","v":128},"A102 & A105","Stone floooring on mud",{"v":313.86,"d":"314"},"SF",{"v":25,"d":"$25"},{"$f":"IF(F266=\"\",\"\",D266*F266)","v":{"v":7846.5,"d":"$7,847"}}]
[{"$f":"IF(D267=0,\"\",1+MAX(A$8:A266))","v":129},null,"New strip Oak flooring",{"v":339.94,"d":"340"},"SF",{"v":8,"d":"$8"},{"v":2719.52,"d":"$2,720"}]
[{"$f":"IF(D268=0,\"\",1+MAX(A$8:A267))","v":130},null,"New Oak flooring",{"v":538.35,"d":"538"},"SF",{"v":8,"d":"$8"},{"v":4306.8,"d":"$4,307"}]
[{"$f":"IF(D269=0,\"\",1+MAX(A$8:A268))","v":131},null,"Wood Duckboard flooring at balcony",{"v":29.23,"d":"29"},"SF",{"v":8,"d":"$8"},{"v":233.84,"d":"$234"}]
[{"$f":"IF(D270=0,\"\",1+MAX(A$8:A269))","v":""}]
[{"$f":"IF(D271=0,\"\",1+MAX(A$8:A270))","v":""},null,"Crown Molding"]
[{"$f":"IF(D272=0,\"\",1+MAX(A$8:A271))","v":132},null,"3 PC Crown\n3-3/4\" Crown w/ 1x pine, Quarter round & Blocking",{"v":562.78,"d":"563"},"LF",{"v":5,"d":"$5"},{"$f":"IF(F272=\"\",\"\",D272*F272)","v":{"v":2813.8999999999996,"d":"$2,814"}}]
[{"$f":"IF(D273=0,\"\",1+MAX(A$8:A272))","v":133},null,"1 PC Crown\n3-3/4\" Crown",{"v":91.67,"d":"92"},"LF",{"v":5,"d":"$5"},{"v":458.35,"d":"$458"}]
[{"$f":"IF(D274=0,\"\",1+MAX(A$8:A273))","v":""}]
[{"$f":"IF(D275=0,\"\",1+MAX(A$8:A274))","v":""},null,"Base"]
[{"$f":"IF(D276=0,\"\",1+MAX(A$8:A275))","v":134},null,"3 PC Base\nDYKE Cove #92 w/ 1x10 Pine finger jointed & DYKES Shoe molding #23",{"v":405.1,"d":"405"},"LF",{"v":5,"d":"$5"},{"$f":"IF(F276=\"\",\"\",D276*F276)","v":{"v":2025.5,"d":"$2,026"}}]
[{"$f":"IF(D277=0,\"\",1+MAX(A$8:A276))","v":135},null,"1 PC Base\n1x10 Pine finger jointed ",{"v":73.12,"d":"73"},"LF",{"v":5,"d":"$5"},{"v":365.6,"d":"$366"}]
[{"$f":"IF(D278=0,\"\",1+MAX(A$8:A277))","v":""}]
[{"$f":"IF(D279=0,\"\",1+MAX(A$8:A278))","v":""},null,"Saddle"]
[{"$f":"IF(D280=0,\"\",1+MAX(A$8:A279))","v":136},null,"Saddle at interior doors",{"v":47.001999999999995,"d":"47"},"LF",{"v":15,"d":"$15"},{"$f":"IF(F280=\"\",\"\",D280*F280)","v":{"v":705.03,"d":"$705"}}]
[{"$f":"IF(D281=0,\"\",1+MAX(A$8:A280))","v":""}]
[{"$f":"IF(D282=0,\"\",1+MAX(A$8:A281))","v":""},null,"Gypsum Board"]
[{"$f":"IF(D283=0,\"\",1+MAX(A$8:A282))","v":137},null,"1/2\" Thk. gypsum board at ceiling",{"v":1445.6,"d":"1446"},"SF",{"v":2,"d":"$2"},{"$f":"IF(F283=\"\",\"\",D283*F283)","v":{"v":2891.2,"d":"$2,891"}}]
[{"$f":"IF(D284=0,\"\",1+MAX(A$8:A283))","v":138},null,"5/8\" Thk. Firecode \"C\" gypsum board at ceiling",{"v":48.29,"d":"48"},"SF",{"v":2,"d":"$2"},{"v":96.58,"d":"$97"}]
[{"$f":"IF(D285=0,\"\",1+MAX(A$8:A284))","v":139},null,"1/2\" Green board at ceiling",{"v":205.23,"d":"205"},"SF",{"v":2,"d":"$2"},{"v":410.46,"d":"$410"}]
[{"$f":"IF(D286=0,\"\",1+MAX(A$8:A285))","v":140},null,"1/2\" Green board at walls",{"v":735.385,"d":"735"},"SF",{"v":2,"d":"$2"},{"v":1470.77,"d":"$1,471"}]
[{"$f":"IF(D287=0,\"\",1+MAX(A$8:A286))","v":141},null,"1/2\" Thk. gypsum board at walls",{"$f":"5069.935-735","v":{"v":4334.935,"d":"4335"}},"SF",{"v":2,"d":"$2"},{"v":8669.87,"d":"$8,670"}]
[{"$f":"IF(D288=0,\"\",1+MAX(A$8:A287))","v":""}]
[{"$f":"IF(D289=0,\"\",1+MAX(A$8:A288))","v":""},null,"Paint"]
[{"$f":"IF(D290=0,\"\",1+MAX(A$8:A289))","v":142},null,"Two coats of paint over one coat of primer at Ceiling",{"v":1699.12,"d":"1699"},"SF",{"v":2.5,"d":"$3"},{"$f":"IF(F290=\"\",\"\",D290*F290)","v":{"v":4247.799999999999,"d":"$4,248"}}]
[{"$f":"IF(D291=0,\"\",1+MAX(A$8:A290))","v":143},null,"Two coats of paint over one coat of primer at existing walls",{"v":2618.62,"d":"2619"},"SF",{"v":1.5,"d":"$2"},{"v":3927.93,"d":"$3,928"}]
[{"$f":"IF(D292=0,\"\",1+MAX(A$8:A291))","v":144},null,"Two coats of paint over one coat of primer at new walls",{"$f":"5069.935-551.665","v":{"v":4518.27,"d":"4518"}},"SF",{"v":1.5,"d":"$2"},{"v":6777.405000000001,"d":"$6,777"}]
[{"$f":"IF(D293=0,\"\",1+MAX(A$8:A292))","v":""}]
[{"$f":"IF(D294=0,\"\",1+MAX(A$8:A293))","v":""},null,"Wall Finish"]
[{"$f":"IF(D295=0,\"\",1+MAX(A$8:A294))","v":145},null,"Wall tiles at wet locations",{"v":551.665,"d":"552"},"SF",{"v":15,"d":"$15"},{"$f":"IF(F295=\"\",\"\",D295*F295)","v":{"v":8274.974999999999,"d":"$8,275"}}]
[]
[null,null,"Subtotal (Finishes)",null,null,{"$f":"IF(D297=0,\"\",0)","v":""},"",{"$f":"(SUM(G264:G297))","v":{"v":58242.03,"d":"$58,242"}}]
[]
[null,null,"DIVISION 10- SPECIALTIES"]
[{"$f":"IF(D300=0,\"\",1+MAX(A$8:A299))","v":""},{"$nulls":4},{"$f":"IF(D300=0,\"\",0)","v":""},{"$f":"IF(F300=\"\",\"\",D300*F300)","v":""}]
[null,null,"Canopy"]
[{"$f":"IF(D302=0,\"\",1+MAX(A$8:A301))","v":146},"A103","10'-0\" x 3'-6\" Canopy on bracket",1,"EA",{"v":1050,"d":"$1,050"},{"$f":"IF(F302=\"\",\"\",D302*F302)","v":{"v":1050,"d":"$1,050"}}]
[{"$f":"IF(D303=0,\"\",1+MAX(A$8:A302))","v":""}]
[{"$f":"IF(D304=0,\"\",1+MAX(A$8:A303))","v":""},null,"Shutter"]
[{"$f":"IF(D305=0,\"\",1+MAX(A$8:A304))","v":147},null,"1'-6\"W X 4'-0\"H Shutter",5,"EA",{"v":200,"d":"$200"},{"$f":"IF(F305=\"\",\"\",D305*F305)","v":{"v":1000,"d":"$1,000"}}]
[{"$f":"IF(D306=0,\"\",1+MAX(A$8:A305))","v":148},null,"1'-6\" x 3'-4\" Shutter",2,"EA",{"v":200,"d":"$200"},{"v":400,"d":"$400"}]
[]
[{"$f":"IF(D308=0,\"\",1+MAX(A$8:A303))","v":""},null,"Toilet Accessories"]
[{"$f":"IF(D309=0,\"\",1+MAX(A$8:A308))","v":149},"A102","Toilet tissue dispenser",3,"EA",{"v":100,"d":"$100"},{"$f":"IF(F309=\"\",\"\",D309*F309)","v":{"v":300,"d":"$300"}}]
[{"$f":"IF(D310=0,\"\",1+MAX(A$8:A309))","v":150},null,"Paper towel dispenser",4,"EA",{"v":100,"d":"$100"},{"v":400,"d":"$400"}]
[{"$f":"IF(D311=0,\"\",1+MAX(A$8:A310))","v":151},null,"Mirror",4,"EA",{"v":350,"d":"$350"},{"v":1400,"d":"$1,400"}]
[{"$f":"IF(D312=0,\"\",1+MAX(A$8:A311))","v":152},null,"Soap dispenser",4,"EA",{"v":100,"d":"$100"},{"v":400,"d":"$400"}]
[{"$f":"IF(D313=0,\"\",1+MAX(A$8:A312))","v":153},null,"24\" L grab bar",3,"EA",{"v":120,"d":"$120"},{"v":360,"d":"$360"}]
[{"$f":"IF(D314=0,\"\",1+MAX(A$8:A313))","v":154},null,"36\"L Grab bar",3,"EA",{"v":140,"d":"$140"},{"v":420,"d":"$420"}]
[{"$f":"IF(D315=0,\"\",1+MAX(A$8:A314))","v":""},null,"NOTE: Toilet accessories are assumed"]
[]
[null,null,"Subtotal (Specialties)",null,null,{"$f":"IF(D317=0,\"\",0)","v":""},"",{"$f":"(SUM(G300:G317))","v":{"v":5730,"d":"$5,730"}}]
[]
[null,null,"DIVISION 11- EQUIPMENT"]
[{"$f":"IF(D320=0,\"\",1+MAX(A$8:A319))","v":""},{"$nulls":4},{"$f":"IF(D320=0,\"\",0)","v":""},{"$f":"IF(F320=\"\",\"\",D320*F320)","v":""}]
[null,null,"Appliances"]
[{"$f":"IF(D322=0,\"\",1+MAX(A$8:A321))","v":155},"A102","Dishwasher",1,"EA",{"v":1500,"d":"$1,500"},{"$f":"IF(F322=\"\",\"\",D322*F322)","v":{"v":1500,"d":"$1,500"}}]
[{"$f":"IF(D323=0,\"\",1+MAX(A$8:A322))","v":156},null,"Refrigerator",1,"EA",{"v":2300,"d":"$2,300"},{"v":2300,"d":"$2,300"}]
[{"$f":"IF(D324=0,\"\",1+MAX(A$8:A323))","v":157},null,"Cooking range",1,"EA",{"v":2200,"d":"$2,200"},{"v":2200,"d":"$2,200"}]
[{"$f":"IF(D325=0,\"\",1+MAX(A$8:A324))","v":158},null,"Washer & Dryer",1,"EA",{"v":1800,"d":"$1,800"},{"v":1800,"d":"$1,800"}]
[]
[null,null,"Subtotal (Equipment)",null,null,{"$f":"IF(D327=0,\"\",0)","v":""},"",{"$f":"(SUM(G320:G327))","v":{"v":7800,"d":"$7,800"}}]
[]
[null,null,"DIVISION 12- FURNISHING"]
[{"$f":"IF(D330=0,\"\",1+MAX(A$8:A329))","v":""},{"$nulls":4},{"$f":"IF(D330=0,\"\",0)","v":""},{"$f":"IF(F330=\"\",\"\",D330*F330)","v":""}]
[{"$f":"IF(D331=0,\"\",1+MAX(A$8:A330))","v":""},null,"Countertop & Backsplash",null,null,{"$f":"IF(D331=0,\"\",0)","v":""},""]
[{"$f":"IF(D332=0,\"\",1+MAX(A$8:A331))","v":159},"A102","Kitchen countertop",{"v":60.25,"d":"60"},"SF",{"v":60,"d":"$60"},{"v":3615,"d":"$3,615"}]
[{"$f":"IF(D333=0,\"\",1+MAX(A$8:A332))","v":160},null,"4\"H Backsplash",{"v":38.25,"d":"38"},"LF",{"v":30,"d":"$30"},{"v":1147.5,"d":"$1,148"}]
[{"$f":"IF(D334=0,\"\",1+MAX(A$8:A333))","v":161},null,"Bathroom countertop",{"v":23.56,"d":"24"},"SF",{"v":60,"d":"$60"},{"v":1413.6,"d":"$1,414"}]
[{"$f":"IF(D335=0,\"\",1+MAX(A$8:A334))","v":162},null,"4\"H backsplash at bathroom",{"v":17.51,"d":"18"},"LF",{"v":30,"d":"$30"},{"v":525.3000000000001,"d":"$525"}]
[null,null,"ASSUMED"]
[null,null,"Subtotal (Furnishing)",null,null,{"$f":"IF(D337=0,\"\",0)","v":""},"",{"$f":"(SUM(G330:G337))","v":{"v":6701.400000000001,"d":"$6,701"}}]
[]
[null,null,"DIVISION 13- SPECIAL CONSTRUCTION"]
[{"$f":"IF(D340=0,\"\",1+MAX(A$8:A339))","v":""},{"$nulls":4},{"$f":"IF(D340=0,\"\",0)","v":""},{"$f":"IF(F340=\"\",\"\",D340*F340)","v":""}]
[{"$f":"IF(D341=0,\"\",1+MAX(A$8:A340))","v":""},null,"Fireplace",null,null,{"$f":"IF(D341=0,\"\",0)","v":""},""]
[{"$f":"IF(D342=0,\"\",1+MAX(A$8:A341))","v":163},"A102","42\" Gas fireplace",1,"EA",{"v":3500,"d":"$3,500"},{"v":3500,"d":"$3,500"}]
[{"$f":"IF(D343=0,\"\",1+MAX(A$8:A342))","v":""},{"$nulls":4},{"$f":"IF(D343=0,\"\",0)","v":""},""]
[null,null,"Subtotal (Special Construction)",null,null,{"$f":"IF(D344=0,\"\",0)","v":""},"",{"$f":"(SUM(G340:G344))","v":{"v":3500,"d":"$3,500"}}]
[]
[null,null,"DIVISION 21- FIRE SUPPRESSION"]
[{"$f":"IF(D347=0,\"\",1+MAX(A$8:A346))","v":""},{"$nulls":4},{"$f":"IF(D347=0,\"\",0)","v":""},{"$f":"IF(F347=\"\",\"\",D347*F347)","v":""}]
[{"$f":"IF(D348=0,\"\",1+MAX(A$8:A347))","v":""},null,"Detector",null,null,{"$f":"IF(D348=0,\"\",0)","v":""},""]
[{"$f":"IF(D349=0,\"\",1+MAX(A$8:A348))","v":164},"A102","Carbon monoxide detector",3,"EA",{"v":250,"d":"$250"},{"v":750,"d":"$750"}]
[{"$f":"IF(D350=0,\"\",1+MAX(A$8:A349))","v":165},null,"Smoke detector",7,"EA",{"v":250,"d":"$250"},{"v":1750,"d":"$1,750"}]
[{"$f":"IF(D351=0,\"\",1+MAX(A$8:A350))","v":""},{"$nulls":4},{"$f":"IF(D351=0,\"\",0)","v":""},""]
[null,null,"Subtotal (Fire Suppression)",null,null,{"$f":"IF(D352=0,\"\",0)","v":""},"",{"$f":"(SUM(G347:G352))","v":{"v":2500,"d":"$2,500"}}]
[]
[null,null,"DIVISION 22- PLUMBING"]
[{"$f":"IF(D355=0,\"\",1+MAX(A$8:A354))","v":""},{"$nulls":4},{"$f":"IF(D355=0,\"\",0)","v":""},{"$f":"IF(F355=\"\",\"\",D355*F355)","v":""}]
[{"$f":"IF(D356=0,\"\",1+MAX(A$8:A355))","v":""},null,"Plumbing Fixtures",null,null,{"$f":"IF(D356=0,\"\",0)","v":""},""]
[{"$f":"IF(D357=0,\"\",1+MAX(A$8:A356))","v":166},"A102","Water closet",3,"EA",{"v":900,"d":"$900"},{"$f":"IF(F357=\"\",\"\",D357*F357)","v":{"v":2700,"d":"$2,700"}}]
[{"$f":"IF(D358=0,\"\",1+MAX(A$8:A357))","v":167},null,"Lavatory Sink",4,"EA",{"v":1000,"d":"$1,000"},{"v":4000,"d":"$4,000"}]
[{"$f":"IF(D359=0,\"\",1+MAX(A$8:A358))","v":168},null,"Kitchen sink",1,"EA",{"v":1000,"d":"$1,000"},{"v":1000,"d":"$1,000"}]
[{"$f":"IF(D360=0,\"\",1+MAX(A$8:A359))","v":169},null,"2'-4\" X 5'-0\" Bath tub",1,"EA",{"v":1300,"d":"$1,300"},{"v":1300,"d":"$1,300"}]
[{"$f":"IF(D361=0,\"\",1+MAX(A$8:A360))","v":170},null,"2'-9\" x 5'-0\" Shower ",2,"EA",{"v":2500,"d":"$2,500"},{"v":5000,"d":"$5,000"}]
[{"$f":"IF(D362=0,\"\",1+MAX(A$8:A361))","v":171},null,"Water closet at remolded bathroom",1,"EA",{"v":900,"d":"$900"},{"v":900,"d":"$900"}]
[{"$f":"IF(D363=0,\"\",1+MAX(A$8:A362))","v":172},null,"Lavatory sink at remolded bath",2,"EA",{"v":950,"d":"$950"},{"v":1900,"d":"$1,900"}]
[]
[{"$f":"IF(D365=0,\"\",1+MAX(A$8:A363))","v":""},null,"Allowance",null,null,{"$f":"IF(D365=0,\"\",0)","v":""},""]
[{"$f":"IF(D366=0,\"\",1+MAX(A$8:A365))","v":173},null,"Allowance provided for New area Plumbing piping & Connections\nArea: 136.5 SF",1,"LS",{"v":12500,"d":"$12,500"},{"v":12500,"d":"$12,500"}]
[{"$f":"IF(D367=0,\"\",1+MAX(A$8:A366))","v":174},null,"Allowance provided for Remolded area Plumbing piping & Connections\nArea: 287 SF",1,"LS",{"v":12500,"d":"$12,500"},{"$f":"IF(F367=\"\",\"\",D367*F367)","v":{"v":12500,"d":"$12,500"}}]
[{"$f":"IF(D368=0,\"\",1+MAX(A$8:A363))","v":""},{"$nulls":4},{"$f":"IF(D368=0,\"\",0)","v":""},""]
[null,null,"Subtotal (Plumbing)",null,null,{"$f":"IF(D369=0,\"\",0)","v":""},"",{"$f":"(SUM(G355:G369))","v":{"v":41800,"d":"$41,800"}}]
[]
[null,null,"DIVISION 23- HEATING, VENTILATING & AIR-CONDITIONING"]
[{"$f":"IF(D372=0,\"\",1+MAX(A$8:A371))","v":""},{"$nulls":4},{"$f":"IF(D372=0,\"\",0)","v":""},{"$f":"IF(F372=\"\",\"\",D372*F372)","v":""}]
[{"$f":"IF(D373=0,\"\",1+MAX(A$8:A372))","v":""},null,"Allowance",null,null,{"$f":"IF(D373=0,\"\",0)","v":""},""]
[{"$f":"IF(D374=0,\"\",1+MAX(A$8:A373))","v":175},"A102","Allowance provided for New area mechanical ducting, equipments & accessories\nArea: 3220 SF",1,"LS",{"v":26000,"d":"$26,000"},{"$f":"F374*D374","v":{"v":26000,"d":"$26,000"}}]
[{"$f":"IF(D375=0,\"\",1+MAX(A$8:A374))","v":176},null,"Allowance provided for Remolded  area mechanical ducting, equipments & accessories\nArea: 2398 SF",1,"LS",{"v":25000,"d":"$25,000"},{"$f":"F375*D375","v":{"v":25000,"d":"$25,000"}}]
[{"$f":"IF(D376=0,\"\",1+MAX(A$8:A374))","v":""},{"$nulls":4},{"$f":"IF(D376=0,\"\",0)","v":""},""]
[null,null,"Subtotal (Heating, Ventilating & Air-Conditioning)",null,null,{"$f":"IF(D377=0,\"\",0)","v":""},"",{"$f":"(SUM(G372:G377))","v":{"v":51000,"d":"$51,000"}}]
[]
[null,null,"DIVISION 26- ELECTRICAL"]
[{"$f":"IF(D380=0,\"\",1+MAX(A$9:A379))","v":""},{"$nulls":4},{"$f":"IF(D380=0,\"\",0)","v":""},{"$f":"IF(F380=\"\",\"\",D380*F380)","v":""}]
["",null,"Allowance",null,null,"",""]
[150,"A102","Allowance provided for New area Electrical Fixtures, receptacle, wiring & conduits\nArea: 3220 SF",1,"LS",{"v":35000,"d":"$35,000"},{"$f":"F382*D382","v":{"v":35000,"d":"$35,000"}}]
[150,null,"Allowance provided for Remolded  area Electrical Fixtures, receptacle, wiring & conduits\nArea: 2398 SF",1,"LS",{"v":38000,"d":"$38,000"},{"$f":"F383*D383","v":{"v":38000,"d":"$38,000"}}]
[{"$f":"IF(D384=0,\"\",1+MAX(A$9:A382))","v":""}]
[null,null,"Subtotal (Electrical)",null,null,{"$f":"IF(D385=0,\"\",0)","v":""},{"$f":"IF(F385=\"\",\"\",D385*F385)","v":""},{"$f":"(SUM(G380:G385))","v":{"v":73000,"d":"$73,000"}}]
[]
["SUBTOTAL",{"$nulls":6},{"$f":"SUM(H9:H386)","v":{"v":572100.1213355927,"d":"$572,100.12"}}]
["OVERHEAD",null,{"v":0.25,"d":"25%"},{"$nulls":4},{"$f":"(H387*C388)","v":{"v":143025.03033389818,"d":"$143,025.03"}}]
["INSURANCE",null,{"v":0.15,"d":"15%"},{"$nulls":4},{"$f":"(H387*C389)","v":{"v":85815.0182003389,"d":"$85,815.02"}}]
["CONTINGENCY",null,{"v":0.25,"d":"25%"},{"$nulls":4},{"$f":"(H387*C390)","v":{"v":143025.03033389818,"d":"$143,025.03"}}]
["TOTAL BASE BID",{"$nulls":6},{"$f":"SUM(H387:H390)","v":{"v":943965.2002037279,"d":"$943,965.20"}}]
["Note:"]